LEADER 01145nam a2200277 i 4500 001 000000085580 003 CaOOAMICUS 005 20181203092518.0 008 180717s2004 it u000 u ita u 013 $a57820 020 $a88-514-0132-2 040 $aSeMil$bita 100 1 $aBenzi, Oreste,$d<1925-2007>.$0(OLS)http://semarc/name/44597 245 10$aCento parole per cambiare vita /$cOreste Benzi ; a cura di Francesco Zanotti. 246 0 $a100 parole per cambiare vita 260 $aMilano [etc.] :$bÀncora,$cc2004. 300 $a207 p. ;$c17 cm. 650 4$aCristianesimo - Meditazioni.$0(OLS)http://semarc/subject/1977 700 1 $aZanotti, Francesco.$0(OLS)http://semarc/name/92249 850 $aSeMil 852 $aSeMil$W1$xVenegono$y1$m2F I 262$j209872$B223651$CSeMilBibl$Z2$F223651 $81 996 $6020$a88-514-0132-2$9(OLS)http://semarc/number/271730 996 $6245$aCento parole per cambiare vita$9(OLS)http://semarc/title/405761 996 $6246$a100 parole per cambiare vita$9(OLS)http://semarc/title/420173 996 $6260$aMilano [etc.] :$bÀncora$9(OLS)http://semarc/publisher/32331 LEADER 01388nam a2200277 4500 001 000000332791 003 CaOOAMICUS 005 20190313110254.0 008 190313s2019 it 000 u ita r 020 $a978-88-10-40312-9 040 $aSeMil$bita 100 1 $aZeni, Stefano,$d<1973- >.$0(OLS)http://semarc/name/94925 245 13$aLa simbolica del grido nel Vangelo di Marco :$baspetti antropologici e teologici /$cStefano Zeni ; prefazione di Massimo Grilli. 264 1$aBologna :$bEDB,$c2019. 300 $a294 p. ;$c21 cm 490 1 $aEpifania della Parola. Nuova serie ;$v16 650 4$aBibbia. Nuovo Testamento. Vangelo secondo Marco - Temi [del] Grido.$0(OLS)http://semarc/subject/48214 650 4$aBibbia - NT - Marco - Antropologia.$0(OLS)http://semarc/subject/48213 700 1 $aGrilli, Massimo,$eautore di introduzione.$0(OLS)http://semarc/name/41684 830 0$aEpifania della Parola. Nuova serie ;$v16.$0(OLS)http://semarc/title/5921 850 $aSeMil 852 $aSeMil$W1$xVenegono$y1$m2V IV 362$j212714$B225780$CSeMilBibl$Z2$F225780 $81 996 $6020$a978-88-10-40312-9$9(OLS)http://semarc/number/286749 996 $6245$aLa simbolica del grido nel Vangelo di Marco :$baspetti antropologici e teologici$9(OLS)http://semarc/title/421879 996 $6264$aBologna :$bEDB$9(OLS)http://semarc/publisher/29669